Development corporations on the horizon (Record no. 71037)
[ view plain ]
| 000 -LEADER | |
|---|---|
| fixed length control field | 01228cam a2200241 4500 |
| 001 - CONTROL NUMBER | |
| control field | ABS65867 |
| 008 - FIXED-LENGTH DATA ELEMENTS--GENERAL INFORMATION | |
| fixed length control field | 020829n2002 000 0 eng u |
| 035 ## - SYSTEM CONTROL NUMBER | |
| System control number | (Sirsi) u119479 |
| 100 ## - MAIN ENTRY--PERSONAL NAME | |
| Personal name | Lock, D. |
| 245 ## - TITLE STATEMENT | |
| Title | Development corporations on the horizon |
| 260 ## - PUBLICATION, DISTRIBUTION, ETC. | |
| Date of publication, distribution, etc. | 2002 |
| 490 ## - SERIES STATEMENT | |
| Series statement | Town & Country Planning |
| Volume/sequential designation | 71(718) July/August 2002, 184(1) |
| 520 ## - SUMMARY, ETC. | |
| Summary, etc. | Discusses the response to the consultation on the Planning Green Paper by the Deputy Prime Minister John Prescott. Praises the honesty of the message and the way the government has listened carefully and abandoned some of the inpractical ideas. Notes that some of the changes in areas such as local plans are to be called 'local government frameworks'. Mentions the majority of the rest of the statement which was concerned with housing in the south east and the shortfall of around 10 000 homes. Prescott says he will ensure that planning authorities now deliver on the housing numbers he prescribes. |
| 590 ## - LOCAL NOTE (RLIN) | |
| Local note | ABS |
| 650 ## - SUBJECT ADDED ENTRY--TOPICAL TERM | |
| Topical term or geographic name entry element | PLANNING GUIDANCE |
| 650 ## - SUBJECT ADDED ENTRY--TOPICAL TERM | |
| Topical term or geographic name entry element | LOCAL DEVELOPMENT PLANS |
| 650 ## - SUBJECT ADDED ENTRY--TOPICAL TERM | |
| Topical term or geographic name entry element | REGIONAL STATEGY |
| 650 ## - SUBJECT ADDED ENTRY--TOPICAL TERM | |
| Topical term or geographic name entry element | LONDON |
| 650 ## - SUBJECT ADDED ENTRY--TOPICAL TERM | |
| Topical term or geographic name entry element | SOUTH EAST |
| 650 ## - SUBJECT ADDED ENTRY--TOPICAL TERM | |
| Topical term or geographic name entry element | HOUSE BUILDING |
| 690 ## - LOCAL SUBJECT ADDED ENTRY--TOPICAL TERM (OCLC, RLIN) | |
| Topical term or geographic name as entry element | Planning and development |
| 9 (RLIN) | 6259 |
| 942 ## - ADDED ENTRY ELEMENTS (KOHA) | |
| Suppress in OPAC | 0 |
| Withdrawn status | Lost status | Source of classification or shelving scheme | Damaged status | Not for loan | Home library | Current library | Shelving location | Date acquired | Total Checkouts | Full call number | Barcode | Date last seen | Copy number | Price effective from | Koha item type |
|---|---|---|---|---|---|---|---|---|---|---|---|---|---|---|---|
| Dewey Decimal Classification | London | London | Journal article | 29/08/2002 | ABS65867 | 119479-1001 | 06/08/2019 | 1 | 06/08/2019 | Journal article |